The practice of large animal surgery

Salvato in:
Dettagli Bibliografici
Autore principale: Jennings, Paul B.
Natura: Libro
Lingua:Undetermined
Pubblicazione: Philadelphia Saunders 1984
Soggetti:
Tags: Aggiungi Tag
Nessun Tag, puoi essere il primo ad aggiungerne! !
Thư viện lưu trữ: Trung tâm Học liệu Trường Đại học Cần Thơ
LEADER 00491nam a2200181Ia 4500
001 CTU_126142
008 210402s9999 xx 000 0 und d
082 |a 636.0897 
082 |b J54/Vol.1 
100 |a Jennings, Paul B. 
245 4 |a The practice of large animal surgery 
245 0 |c Paul B. Jennings 
260 |a Philadelphia 
260 |b Saunders 
260 |c 1984 
650 |a Veterinary surgery 
904 |i Nguyên 
980 |a Trung tâm Học liệu Trường Đại học Cần Thơ